|
|
|
|
| LEADER |
00000nbm0a2200000 4500 |
| 001 |
229826 |
| 005 |
20231101230951.0 |
| 035 |
|
|
|a (RuTPU)RU\TPU\book\250474
|
| 035 |
|
|
|a RU\TPU\book\250224
|
| 090 |
|
|
|a 229826
|
| 100 |
|
|
|a 20130114j20121219k y0rusy50 ca
|
| 101 |
0 |
|
|a rus
|
| 102 |
|
|
|a RU
|
| 105 |
|
|
|a a m 001zy
|
| 200 |
1 |
|
|a Исследование и разработка методов локации однофазных замыканий на землю в распределительных сетях
|e диссертация на соискание ученой степени кандидата технических наук
|e спец. 05.14.12
|e спец. 05.14.02
|f Л. В. Квривишвили
|g Новосибирский государственный технический университет (НГТУ) ; науч. рук. В. Е. Качесов
|
| 210 |
|
|
|a Новосибирск
|d 2012
|
| 215 |
|
|
|a 178 л.
|c ил.
|
| 300 |
|
|
|a Защищена 19.12.2012 г.
|
| 320 |
|
|
|a Библиогр.: с. 160-168 (89 назв.).
|
| 606 |
1 |
|
|a Электрические сети, распределительные
|x Замыкание на землю
|2 stltpush
|3 (RuTPU)RU\TPU\subj\27474
|9 51224
|
| 610 |
1 |
|
|a однофазные замыкания
|
| 610 |
1 |
|
|a распределительные сети
|
| 610 |
1 |
|
|a поврежденный фидер
|
| 610 |
1 |
|
|a локализация
|
| 610 |
1 |
|
|a параметрические методы
|
| 610 |
1 |
|
|a формализованные методы
|
| 610 |
1 |
|
|a искусственные нейронные сети
|
| 610 |
1 |
|
|a диссертации
|
| 675 |
|
|
|a 621.316.1(04)
|v 3
|
| 686 |
|
|
|a 05.14.12
|2 oksvnk
|
| 686 |
|
|
|a 05.14.02
|2 oksvnk
|
| 700 |
|
1 |
|a Квривишвили
|b Л. В.
|g Любовь Витальевна
|
| 702 |
|
1 |
|a Качесов
|b В. Е.
|g Владимир Егорович
|4 727
|
| 712 |
0 |
2 |
|a Новосибирский государственный технический университет (НГТУ)
|c (1992- )
|2 stltpush
|3 (RuTPU)RU\TPU\col\36
|
| 801 |
|
1 |
|a RU
|b 63413507
|c 20130116
|
| 801 |
|
2 |
|a RU
|b 63413507
|c 20130130
|g RCR
|
| 942 |
|
|
|c BK
|